Framework agreements in the public sector (Record no. 72391)

MARC details
000 -LEADER
fixed length control field 01364cam a2200265 4500
001 - CONTROL NUMBER
control field X121813
008 - FIXED-LENGTH DATA ELEMENTS--GENERAL INFORMATION
fixed length control field 030331n2003 000 0 eng u
035 ## - SYSTEM CONTROL NUMBER
System control number (Sirsi) u121813
100 ## - MAIN ENTRY--PERSONAL NAME
Personal name Young, K.
245 ## - TITLE STATEMENT
Title Framework agreements in the public sector
260 ## - PUBLICATION, DISTRIBUTION, ETC.
Date of publication, distribution, etc. 2003
490 ## - SERIES STATEMENT
Series statement Construction Law Bulletin
Volume/sequential designation March 2003, 15-17(3)
520 ## - SUMMARY, ETC.
Summary, etc. Reviews the current position regarding the proposed EU directives for framework agreements. Under existing EC legislation, provision is made for procurement of works, supplies and services in water, energy, transport and telecommunication sectors to use framework agreements. However, in all other sectors these are not recognised by public sector bodies. In the future, the fact that a contractor, consultant or supplier has entered into a framework agreement will not necessarily mean that they will get a proportion of the awarders' contracts, or indeed any of them. However, the date when these new directives will come into force is not yet established.
650 ## - SUBJECT ADDED ENTRY--TOPICAL TERM
Topical term or geographic name entry element BUILDING CONTRACTORS
650 ## - SUBJECT ADDED ENTRY--TOPICAL TERM
Topical term or geographic name entry element CONSULTANTS
650 ## - SUBJECT ADDED ENTRY--TOPICAL TERM
Topical term or geographic name entry element EC DIRECTIVES
650 ## - SUBJECT ADDED ENTRY--TOPICAL TERM
Topical term or geographic name entry element DIRECTIVE 93/38/EEC
650 ## - SUBJECT ADDED ENTRY--TOPICAL TERM
Topical term or geographic name entry element DIRECTIVE 93/36/EEC
650 ## - SUBJECT ADDED ENTRY--TOPICAL TERM
Topical term or geographic name entry element DIRECTIVE 93/37/EEC
650 ## - SUBJECT ADDED ENTRY--TOPICAL TERM
Topical term or geographic name entry element DIRECTIVE 92/50/EEC
650 ## - SUBJECT ADDED ENTRY--TOPICAL TERM
Topical term or geographic name entry element EC LEGISLATION
650 ## - SUBJECT ADDED ENTRY--TOPICAL TERM
Topical term or geographic name entry element FRAMEWORK AGREEMENTS
690 ## - LOCAL SUBJECT ADDED ENTRY--TOPICAL TERM (OCLC, RLIN)
Topical term or geographic name as entry element Procurement
9 (RLIN) 6260
942 ## - ADDED ENTRY ELEMENTS (KOHA)
Suppress in OPAC 0
Holdings
Withdrawn status Lost status Source of classification or shelving scheme Damaged status Not for loan Home library Current library Shelving location Date acquired Total Checkouts Full call number Barcode Date last seen Copy number Price effective from Koha item type
    Dewey Decimal Classification     London London Journal article 31/03/2003   X121813 121813-1001 06/08/2019 1 06/08/2019 Journal article